Геология и полезные ископаемые зарубежных стран. Материалы по региональной геологии Африки и зарубежной Азии

Bibliographic Details
Corporate Author: Научно-исследовательская лаборатория геологии зарубежных стран (НИЛЗарубежгеология)
Other Authors: Моралев В. М. (редактор)
Summary:Большая часть статей сборника представляет собой обзоры современных материалов и представлений о геологии докембрийских образований и связанных с ними рудных месторождений отдельных крупных районов Африки и Зарубежной Азии. Излагаются теоретические вопросы тектоники докембрийских складчатых структур, биостратиграфии верхнего докембрия, геохронологии и особенностей размещения магматических образований докембрия. Несколько статей посвящено рассмотрению более узких проблем изучения докембрия, таких, как геология тиллитов, докембрийских алмазоносных пород и карбонатитов Африки и Индии, почти не освещавшихся в советской геологической литературе.
Language:Russian
Published: Москва, Недра, 1971
Series:Труды Вып. 22
Subjects:
Format: MixedMaterials Book
KOHA link:https://koha.lib.tpu.ru/cgi-bin/koha/opac-detail.pl?biblionumber=377625

MARC

LEADER 00000nam0a2200000 4500
001 377625
005 20231102012931.0
035 |a (RuTPU)RU\TPU\retro\35076 
035 |a RU\TPU\retro\35075 
090 |a 377625 
100 |a 20230321d1971 k y0rusy50 ca 
101 0 |a rus 
102 |a RU 
105 |a ab z 001zy 
200 1 |a Геология и полезные ископаемые зарубежных стран. Материалы по региональной геологии Африки и зарубежной Азии  |f Научно-исследовательская лаборатория геологии зарубежных стран (НИЛЗарубежгеология); отв. ред. В. М. Моралёв 
210 |a Москва  |c Недра  |d 1971 
215 |a 214 с.  |c ил. 
225 1 |a Труды  |v Вып. 22 
320 |a Список литературы: с. 211-212 
330 |a Большая часть статей сборника представляет собой обзоры современных материалов и представлений о геологии докембрийских образований и связанных с ними рудных месторождений отдельных крупных районов Африки и Зарубежной Азии. Излагаются теоретические вопросы тектоники докембрийских складчатых структур, биостратиграфии верхнего докембрия, геохронологии и особенностей размещения магматических образований докембрия. Несколько статей посвящено рассмотрению более узких проблем изучения докембрия, таких, как геология тиллитов, докембрийских алмазоносных пород и карбонатитов Африки и Индии, почти не освещавшихся в советской геологической литературе. 
606 1 |a Геология региональная  |2 stltpush  |3 (RuTPU)RU\TPU\subj\6120  |9 34078 
610 1 |a зарубежные страны 
610 1 |a Мали-Нигерская синеклиза 
610 1 |a нефтегазоносность 
610 1 |a Северная Сирия 
610 1 |a тектоника 
610 1 |a Гималаи 
610 1 |a структурные связи 
610 1 |a Индонезия 
610 1 |a Бирма 
610 1 |a Тувино-Монгольский массив 
610 1 |a докембрийская структура 
610 1 |a интрузивный магматизм 
610 1 |a Афганский Бадахшан 
610 1 |a стратиграфия 
610 1 |a междуречье 
610 1 |a Египет 
610 1 |a фосфатоносные отложения 
610 1 |a вулканизм 
610 1 |a Монголия 
610 1 |a Вьетнам 
610 1 |a геологическое строение 
675 |a 55(1/9)  |v 3 
702 1 |a Моралев  |b В. М.  |4 340 
712 0 2 |a Научно-исследовательская лаборатория геологии зарубежных стран (НИЛЗарубежгеология)  |2 stltpush  |3 (RuTPU)RU\TPU\col\11363 
801 1 |a RU  |b 63413507  |c 20061121  |g PSBO 
801 2 |a RU  |b 63413507  |c 20230323  |g PSBO 
942 |c BK